| 000 | 00361nam a2200121Ia 4500 | ||
|---|---|---|---|
| 008 | 220216s9999 xx 000 0 und d | ||
| 100 | _aTan H T | ||
| 245 | 0 | _aFurther progress in Chemara ethrel experiments | |
| 260 | _bProceedings of the RRIM Planters Conference, Kuala Lumpur, 1973; p152-178 | ||
| 650 | _aTapping system | ||
| 700 | _aMenon C M | ||
| 942 | _cJS | ||
| 999 |
_c59680 _d59680 |
||